Cuentos que parecen ciertos /
Guardado en:
| Autor Principal: | |
|---|---|
| Otros Autores: | , , , , , |
| Formato: | Libro |
| Publicado: |
Buenos Aires :
Letra Impresa,
2010.
|
| Series: | La Puerta Secreta ;
15 |
| Materias: | |
| Etiquetas: |
Agregar Etiqueta
Sin Etiquetas, Sea el primero en etiquetar este registro!
|
| LEADER | 01327nam a22003135a 4500 | ||
|---|---|---|---|
| 001 | CEM.cems019714 | ||
| 008 | 221012s2010####ag############000#0#####d | ||
| 005 | 20221012101403.0 | ||
| 245 | 1 | 0 | |a Cuentos que parecen ciertos / |c Saki y otros ; traducido por Laura Pizzi ; ilustrado pro Cristo Camba. |
| 260 | |a Buenos Aires : |b Letra Impresa, |c 2010. | ||
| 300 | |a 104 p. | ||
| 490 | 0 | |a La Puerta Secreta ; |v 15 | |
| 505 | 0 | |a La puerta secreta -- La llave maestra -- La ventana abierta / Saki -- El corazón delator / Edgard Alla Poe -- El viejo guardarropa de roble / Charles Dickens -- Nuestro Primer cigarro / Horacio Quiroga -- Una historia desgraciada / Antón Chéjov -- Los secretos de Cuentos que parecen ciertos -- Nuevas puertas para abrir | |
| 020 | |a 9789871565153 | ||
| 100 | 1 | |a Saki. | |
| 700 | 1 | |a Pizzi, Laura; trad. | |
| 700 | 1 | |a Camba, Cristo; il. | |
| 700 | 1 | |a Poe, Edgar Allan. | |
| 700 | 1 | |a Dickens, Charles. | |
| 700 | 1 | |a Quiroga, Horacio. | |
| 700 | 1 | |a Chejóv, Antón. | |
| 082 | 0 | 4 | |a 853.9 |
| 653 | |a Literatura infantil | ||
| 653 | |a Literatura juvenil | ||
| 653 | |a Literatura Universal | ||
| 653 | |a Cuentos | ||
| 653 | |a Cuentos de suspenso | ||
| 859 | |a CEMS |b BIB. CEMS - Inicial y Primaria |h 808.8 |i Sa295 |k IP |p 2433 |t Ej.1 | ||
| 859 | |a CEMS |b BIB. CEMS - Inicial y Primaria |h 808.8 |i Sa295 |k IP |p 3798 |t Ej.2 | ||
